000 00744nam a2200241Ia 4500
003 OSt
005 20220930062212.0
006 a|||||r|||| 00| 0
007 ta
008 220926b |||||||| |||| 00| 0 eng d
024 _a821
037 _cTheses
040 _aCRL
_cCRL
_beng
041 _2eng
_aeng
100 _aGumani Gurvinder
_9520774
110 _aUniversity of Delhi. Faculty of Music and Fine Arts. Department of Music
_9520437
245 0 _aStudy of the music of Mauritius with reference to Bhojpuri Music
260 _c1992
650 _aMUSIC
_917402
700 _aUniversity of Delhi. Faculty of Music and Fine Arts. Department of Music
_9520438
942 _cDIS
_2CC
999 _c855236
_d855236